<?xml version="1.0" encoding="UTF-8"?>
<record
    xmlns:xsi="http://www.w3.org/2001/XMLSchema-instance"
    xsi:schemaLocation="http://www.loc.gov/MARC21/slim http://www.loc.gov/standards/marcxml/schema/MARC21slim.xsd"
    xmlns="http://www.loc.gov/MARC21/slim">

  <leader>01728nam a22002057a 4500</leader>
  <controlfield tag="005">20250409105929.0</controlfield>
  <controlfield tag="008">250329b        |||||||| |||| 00| 0 eng d</controlfield>
  <datafield tag="020" ind1=" " ind2=" ">
    <subfield code="a">9783836505833</subfield>
  </datafield>
  <datafield tag="041" ind1=" " ind2=" ">
    <subfield code="a">Eng</subfield>
  </datafield>
  <datafield tag="082" ind1=" " ind2=" ">
    <subfield code="a">700</subfield>
    <subfield code="b">MAR</subfield>
  </datafield>
  <datafield tag="100" ind1=" " ind2=" ">
    <subfield code="a">Martin Sylvia</subfield>
    <subfield code="9">211792</subfield>
  </datafield>
  <datafield tag="245" ind1=" " ind2=" ">
    <subfield code="a">Futurism</subfield>
  </datafield>
  <datafield tag="260" ind1=" " ind2=" ">
    <subfield code="b">Taschen</subfield>
    <subfield code="c">2022</subfield>
  </datafield>
  <datafield tag="300" ind1=" " ind2=" ">
    <subfield code="a">95</subfield>
  </datafield>
  <datafield tag="365" ind1=" " ind2=" ">
    <subfield code="b">1359.00</subfield>
    <subfield code="c">Rs,00</subfield>
  </datafield>
  <datafield tag="520" ind1=" " ind2=" ">
    <subfield code="a">&#x2022;	Art = Action + Life = Futurism
&#x2022;	Giacomo Balla - Dynamism of a Dog on a Leash
Girl Crossing a Balcony
Mercury Transits the Sun, seen through a telescope
Long Live Italy
&#x2022;	Giacomo Balla et. al. - Futurist Life
&#x2022;	Umberto Boccioni - The City Rises
The Street Penetrates the House
Dynamism of a Soccer Player
Unique Forms of Continuity in Space
&#x2022;	Anton Giulio Bragaglia - Hand in Motion
&#x2022;	Carlo Carra - Funeral of the Anarchist Galli
Rhythms of Objects
Interventionist Demonstration
&#x2022;	Tullio Crali - Air Battle I
&#x2022;	Fortunato Depero - Bird&#x2019;s Movement
Construction of a Little Girl
Mechanics of Dancers
&#x2022;	Gerardo Dottori - The Miracle of Light
&#x2022;	Leonardo Dudreville - Expansion of the Lyrical
&#x2022;	Virgilio Marchi - Draft for a Building
&#x2022;	Filippo Tommaso Marinetti &#x2013; Elegant Speed &#x2013; Liberated Words(1st record)
&#x2022;	Enrico Prampolini - Tarantellla
F.T. Marinetti
&#x2022;	Luigi Russolo - Music
The Revolt
Pictorial Dynamism of the Simultaneous Movements of a Lady
&#x2022;	Antonio Sant&#x2019;Elia - Electric Power Plant
&#x2022;	Gino Severini - Blue Dancer
Self Portrait
Spherical Expansion of Light into Space
Red Cross Train Passing through a Town
&#x2022;	Mario Sironi - Aeroplane 
&#x2022;	Ardengo Soffici - Composition with Lacerba 
</subfield>
  </datafield>
  <datafield tag="650" ind1=" " ind2=" ">
    <subfield code="a">Art</subfield>
    <subfield code="9">119074</subfield>
  </datafield>
  <datafield tag="700" ind1=" " ind2=" ">
    <subfield code="a">Grosenick Uta Ed.</subfield>
    <subfield code="9">211789</subfield>
  </datafield>
  <datafield tag="942" ind1=" " ind2=" ">
    <subfield code="c">BK</subfield>
  </datafield>
  <datafield tag="999" ind1=" " ind2=" ">
    <subfield code="c">365824</subfield>
    <subfield code="d">365824</subfield>
  </datafield>
  <datafield tag="952" ind1=" " ind2=" ">
    <subfield code="0">0</subfield>
    <subfield code="1">0</subfield>
    <subfield code="2">ddc</subfield>
    <subfield code="4">0</subfield>
    <subfield code="7">0</subfield>
    <subfield code="a">SOFT</subfield>
    <subfield code="b">SOFT</subfield>
    <subfield code="d">2025-03-27</subfield>
    <subfield code="e">Design Book Studio</subfield>
    <subfield code="g">1359.00</subfield>
    <subfield code="i">540</subfield>
    <subfield code="l">1</subfield>
    <subfield code="o">700 MAR</subfield>
    <subfield code="p">SOFT-BK-4387</subfield>
    <subfield code="r">2025-06-12 00:00:00</subfield>
    <subfield code="s">2025-06-12</subfield>
    <subfield code="t">25%</subfield>
    <subfield code="v">1812.00</subfield>
    <subfield code="w">2025-03-18</subfield>
    <subfield code="y">BK</subfield>
  </datafield>
</record>
